Статистические модели в теории надежности: учебное пособие

Bibliografski detalji
Glavni autor: Антонов А. В. Александр Владимирович
Daljnji autori: Никулин М. С. Михаил Степанович
Sažetak:В учебном пособии представлены современные динамические модели и методы статистического анализа характеристик надежности сложных технических систем. Приведены методы расчета показателей надежности элементов и систем с учетом их старения, изложены вопросы расчета характеристик структурно-сложных систем, модели анализа надежности восстанавливаемого оборудования. Значительное внимание уделено вопросам обработки статистической информации на основании цензурированных наблюдений, описаны непараметрические методы оценки характеристик надежности, статистические модели, применяемые при планировании и организации ускоренных испытаний, а также методы анализа информации по исследованию деградационных процессов, протекающих в оборудовании во время его функционирования, с целью прогнозирования его поведения в ходе последующей эксплуатации.Для студентов, обучающихся по направлению "Информатика и вычислительная техника" и образовательной-программе (специальности), реализуемой в рамках направления подготовки дипломированных специалистов "Автоматизированные системы обработки информации и управления", а также для аспирантов и инженеров.
Jezik:ruski
Izdano: Москва, Абрис, 2012
Teme:
Format: MixedMaterials Knjiga
KOHA link:https://koha.lib.tpu.ru/cgi-bin/koha/opac-detail.pl?biblionumber=206875

MARC

LEADER 00000nam0a2200000 4500
001 206875
005 20231101225350.0
010 |a 9785437200094 
035 |a (RuTPU)RU\TPU\book\225581 
090 |a 206875 
100 |a 20120118d2012 m y0rusy50 ca 
101 0 |a rus 
102 |a RU 
105 |a y j 001zy 
200 1 |a Статистические модели в теории надежности  |e учебное пособие  |f А. В. Антонов, М. С. Никулин 
210 |a Москва  |c Абрис  |d 2012 
215 |a 391 с. 
320 |a Библиогр.: с. 377-387. 
330 |a В учебном пособии представлены современные динамические модели и методы статистического анализа характеристик надежности сложных технических систем. Приведены методы расчета показателей надежности элементов и систем с учетом их старения, изложены вопросы расчета характеристик структурно-сложных систем, модели анализа надежности восстанавливаемого оборудования. Значительное внимание уделено вопросам обработки статистической информации на основании цензурированных наблюдений, описаны непараметрические методы оценки характеристик надежности, статистические модели, применяемые при планировании и организации ускоренных испытаний, а также методы анализа информации по исследованию деградационных процессов, протекающих в оборудовании во время его функционирования, с целью прогнозирования его поведения в ходе последующей эксплуатации.Для студентов, обучающихся по направлению "Информатика и вычислительная техника" и образовательной-программе (специальности), реализуемой в рамках направления подготовки дипломированных специалистов "Автоматизированные системы обработки информации и управления", а также для аспирантов и инженеров. 
606 1 |a Надежность, теория  |x Статистические методы  |2 stltpush  |3 (RuTPU)RU\TPU\subj\44769  |9 64049 
610 1 |a статистические модели 
610 1 |a объекты 
610 1 |a элементы 
610 1 |a системы 
610 1 |a анализ 
610 1 |a расчет 
610 1 |a гипотезы 
610 1 |a статистическая проверка 
610 1 |a ускоренные испытания 
610 1 |a оборудование 
610 1 |a старение 
610 1 |a долговечность 
610 1 |a многомерные модели 
610 1 |a учебные пособия 
675 |a 519.87(075.8)  |v 3 
700 1 |a Антонов  |b А. В.  |g Александр Владимирович 
701 1 |a Никулин  |b М. С.  |g Михаил Степанович 
801 1 |a RU  |b 63413507  |c 20120118 
801 2 |a RU  |b 63413507  |c 20150506  |g RCR 
900 |a Теория надежности 
942 |c BK 
951 |b 230100  |b 220700 
959 |a 1/20120118  |d 2  |e 387,90  |f ЧЗТЛ:1  |f АНЛ:1